Statistics for Highest Paying Sports

Click here to take the quiz!

General Stats

  • This quiz has been taken 114 times
  • The average score is 7 of 10

Answer Stats

#Money sport% Correct
1.Basketball
96%
6.Football
93%
5.American football
88%
7.Tennis
84%
9.Baseball
83%
4.Golf
75%
8.Ice Hockey
73%
2.Boxing
61%
3.Auto racing
56%
10.Cyckling
13%

Score Distribution

Percentile by Number Answered

Percent of People with Each Score

Your Score History

You have not taken this quiz